| 000 | 00338nam a22001457a 4500 | ||
|---|---|---|---|
| 008 | 250425b ||||| |||| 00| 0 eng d | ||
| 020 | _a9781416624264 | ||
| 041 | _aeng | ||
| 080 |
_21992 _a721SMI |
||
| 082 |
_2721SMI _a721SMI |
||
| 100 | _a20 | ||
| 101 | _aNDERTIMTARI | ||
| 245 |
_aBUILDING EQUITY _cDOMINIQUE SMITH |
||
| 942 |
_2udc _cBK |
||
| 999 |
_c60712 _d60712 |
||